<?xml version="1.0" encoding="UTF-8"?>
<record
    xmlns:xsi="http://www.w3.org/2001/XMLSchema-instance"
    xsi:schemaLocation="http://www.loc.gov/MARC21/slim http://www.loc.gov/standards/marcxml/schema/MARC21slim.xsd"
    xmlns="http://www.loc.gov/MARC21/slim">

  <leader>00761nam a2200265 i 4500</leader>
  <controlfield tag="001">C2-0208548</controlfield>
  <controlfield tag="003">PPAK</controlfield>
  <controlfield tag="005">20180728101717.0</controlfield>
  <controlfield tag="008">990310s1998    my a|||| |||||  |   eng d</controlfield>
  <datafield tag="020" ind1=" " ind2=" ">
    <subfield code="a">9839487914</subfield>
  </datafield>
  <datafield tag="040" ind1=" " ind2=" ">
    <subfield code="a">PPAK</subfield>
    <subfield code="b">eng</subfield>
    <subfield code="c">PPAK</subfield>
    <subfield code="e">rda</subfield>
  </datafield>
  <datafield tag="082" ind1="0" ind2="4">
    <subfield code="a">428.6</subfield>
    <subfield code="2"> 23</subfield>
  </datafield>
  <datafield tag="090" ind1="0" ind2="0">
    <subfield code="a">428.6</subfield>
    <subfield code="b">SHA</subfield>
    <subfield code="d">K</subfield>
  </datafield>
  <datafield tag="100" ind1="0" ind2=" ">
    <subfield code="a">Shamsinar Ghulam Ali, </subfield>
    <subfield code="e">author</subfield>
  </datafield>
  <datafield tag="245" ind1="1" ind2="0">
    <subfield code="a">Revenge of the clan of serpent</subfield>
  </datafield>
  <datafield tag="264" ind1=" " ind2="1">
    <subfield code="a">Petaling Jaya, Selangor : </subfield>
    <subfield code="b">Mega Setia Emas , </subfield>
    <subfield code="c">1998</subfield>
  </datafield>
  <datafield tag="300" ind1=" " ind2=" ">
    <subfield code="a">52 pages : </subfield>
    <subfield code="b">illustrations ; </subfield>
    <subfield code="c">19 cm</subfield>
  </datafield>
  <datafield tag="336" ind1=" " ind2=" ">
    <subfield code="2">rdacontent</subfield>
    <subfield code="a">text</subfield>
  </datafield>
  <datafield tag="337" ind1=" " ind2=" ">
    <subfield code="2">rdamedia</subfield>
    <subfield code="a">unmediated</subfield>
  </datafield>
  <datafield tag="338" ind1=" " ind2=" ">
    <subfield code="2">rdacarrier</subfield>
    <subfield code="a">volume</subfield>
  </datafield>
  <datafield tag="490" ind1="1" ind2=" ">
    <subfield code="a">The teenagers' thriller series</subfield>
  </datafield>
  <datafield tag="650" ind1="1" ind2="0">
    <subfield code="a">Readers</subfield>
  </datafield>
  <datafield tag="830" ind1=" " ind2="0">
    <subfield code="a">The teenagers' thriller series</subfield>
  </datafield>
  <datafield tag="942" ind1=" " ind2=" ">
    <subfield code="d">dc</subfield>
    <subfield code="c">B</subfield>
  </datafield>
  <datafield tag="999" ind1=" " ind2=" ">
    <subfield code="c">157779</subfield>
    <subfield code="d">157779</subfield>
  </datafield>
  <datafield tag="952" ind1=" " ind2=" ">
    <subfield code="0">0</subfield>
    <subfield code="7">0</subfield>
    <subfield code="b">PD16</subfield>
    <subfield code="c">K</subfield>
    <subfield code="d">1999-08-12</subfield>
    <subfield code="o">K 428.6 SHA</subfield>
    <subfield code="p">A00280304</subfield>
    <subfield code="r">2018-06-01 00:00:00</subfield>
    <subfield code="y">B</subfield>
  </datafield>
  <datafield tag="952" ind1=" " ind2=" ">
    <subfield code="0">0</subfield>
    <subfield code="7">0</subfield>
    <subfield code="b">PD17</subfield>
    <subfield code="c">K</subfield>
    <subfield code="d">1999-08-12</subfield>
    <subfield code="o">K 428.6 SHA</subfield>
    <subfield code="p">A00280306</subfield>
    <subfield code="r">2018-06-01 00:00:00</subfield>
    <subfield code="y">B</subfield>
  </datafield>
  <datafield tag="952" ind1=" " ind2=" ">
    <subfield code="0">0</subfield>
    <subfield code="7">0</subfield>
    <subfield code="b">PD18</subfield>
    <subfield code="c">K</subfield>
    <subfield code="d">1999-08-12</subfield>
    <subfield code="o">K 428.6 SHA</subfield>
    <subfield code="p">A00280308</subfield>
    <subfield code="r">2018-06-01 00:00:00</subfield>
    <subfield code="y">B</subfield>
  </datafield>
  <datafield tag="952" ind1=" " ind2=" ">
    <subfield code="0">0</subfield>
    <subfield code="7">0</subfield>
    <subfield code="b">PD18</subfield>
    <subfield code="c">K</subfield>
    <subfield code="d">1999-08-12</subfield>
    <subfield code="o">K 428.6 SHA</subfield>
    <subfield code="p">A00280309</subfield>
    <subfield code="r">2018-06-01 00:00:00</subfield>
    <subfield code="y">B</subfield>
  </datafield>
  <datafield tag="952" ind1=" " ind2=" ">
    <subfield code="0">0</subfield>
    <subfield code="7">0</subfield>
    <subfield code="b">PD24</subfield>
    <subfield code="c">K</subfield>
    <subfield code="d">2000-02-02</subfield>
    <subfield code="o">K 428.6 SHA</subfield>
    <subfield code="p">A00304398</subfield>
    <subfield code="r">2018-06-01 00:00:00</subfield>
    <subfield code="y">B</subfield>
  </datafield>
  <datafield tag="952" ind1=" " ind2=" ">
    <subfield code="0">0</subfield>
    <subfield code="7">0</subfield>
    <subfield code="b">PD24</subfield>
    <subfield code="c">K</subfield>
    <subfield code="d">2000-02-02</subfield>
    <subfield code="o">K 428.6 SHA</subfield>
    <subfield code="p">A00304399</subfield>
    <subfield code="r">2018-06-01 00:00:00</subfield>
    <subfield code="y">B</subfield>
  </datafield>
  <datafield tag="952" ind1=" " ind2=" ">
    <subfield code="0">0</subfield>
    <subfield code="7">0</subfield>
    <subfield code="b">PD27</subfield>
    <subfield code="c">K</subfield>
    <subfield code="d">2000-05-17</subfield>
    <subfield code="l">0</subfield>
    <subfield code="o">K 428.6 SHA</subfield>
    <subfield code="p">A00926190</subfield>
    <subfield code="r">2018-06-01 00:00:00</subfield>
    <subfield code="y">B</subfield>
  </datafield>
  <datafield tag="952" ind1=" " ind2=" ">
    <subfield code="0">0</subfield>
    <subfield code="7">0</subfield>
    <subfield code="b">PD27</subfield>
    <subfield code="c">K</subfield>
    <subfield code="d">2000-05-17</subfield>
    <subfield code="l">0</subfield>
    <subfield code="o">K 428.6 SHA</subfield>
    <subfield code="p">A00926191</subfield>
    <subfield code="r">2018-06-01 00:00:00</subfield>
    <subfield code="y">B</subfield>
  </datafield>
  <datafield tag="952" ind1=" " ind2=" ">
    <subfield code="0">0</subfield>
    <subfield code="7">0</subfield>
    <subfield code="b">PD29</subfield>
    <subfield code="c">K</subfield>
    <subfield code="d">2001-01-03</subfield>
    <subfield code="l">0</subfield>
    <subfield code="o">K 428.6 SHA</subfield>
    <subfield code="p">A00951975</subfield>
    <subfield code="r">2018-06-01 00:00:00</subfield>
    <subfield code="y">B</subfield>
  </datafield>
  <datafield tag="952" ind1=" " ind2=" ">
    <subfield code="0">0</subfield>
    <subfield code="7">0</subfield>
    <subfield code="b">PD29</subfield>
    <subfield code="c">K</subfield>
    <subfield code="d">2001-01-03</subfield>
    <subfield code="l">0</subfield>
    <subfield code="o">K 428.6 SHA</subfield>
    <subfield code="p">A00951976</subfield>
    <subfield code="r">2018-06-01 00:00:00</subfield>
    <subfield code="y">B</subfield>
  </datafield>
</record>
